Arsenal 21st Century best Starting XI - Statistics

General Stats
  • This quiz has been taken 103 times
  • The average score is 7 of 11
Answer Stats
Position Player % Correct
LW Henry
95%
GK Lehmann
74%
LB Cole
71%
CB Campbell
68%
CM Özil
62%
CM Bergkamp
58%
ST Aubameyang
55%
CB Vieira
54%
RW Fabregas
48%
ST Lacazette
44%
RB Sagna
36%
No matching quizzes found
Score Distribution
Percent of People with Each Score
Percentile by Number Answered
Your Score History
You have not taken this quiz